000
00234 a2200097 4500
001
34643
100
_a
Anderson, William J
245
_a
Test preparation MCSE Windows NT Server 4.0
260
_a
ND
_b
PHI
_c
1999
090
_c
22926
_d
22926
942
_a
NUST-CAE
_c
M
_c
14365
999
_c
269716
_d
269716